| 000 | 00430nam a22001457a 4500 | ||
|---|---|---|---|
| 020 | _a1405118830 | ||
| 082 |
_a693.83 _bSIM _cN-1, P-111 |
||
| 100 |
_aSimons, N.W _945413 |
||
| 245 |
_aSound in building A guide to part E of the building regulations _cSimons, N.W |
||
| 260 |
_aUSA _bBlackwell _c2004 |
||
| 300 |
_axiv, 167 p. _bill. _c27 cm |
||
| 526 |
_a0 _b0 _c0 _d693_830000000000000_SIM |
||
| 650 |
_aNUST _96342 |
||
| 942 |
_2ddc _cBK |
||
| 999 |
_c548943 _d548943 |
||